Storytelling rights : the uses of oral and written texts by urban adolescents
| Published in: | Cambridge studies in oral and literate culture |
|---|---|
| Main Author: | |
| Content type: | Book |
| Published: |
Cambridge:
Univ. Pr.
1986
|
| Series: | Cambridge studies in oral and literate culture ; 11 |
| Source: | MPIPL_cat |
| _version_ | 1863687004689006595 |
|---|---|
| author | Shuman, Amy |
| author_facet | Shuman, Amy |
| author_search | Shuman, Amy |
| author_sort | Shuman, Amy |
| author_variant | a s as |
| callnumber-first | 213-Shu/1 |
| callnumber-label | 213-SHU/1 |
| callnumber-raw | 213-SHU/1 |
| callnumber-search | 213-SHU/1 |
| collection_details | MPIPL |
| container_title | Cambridge studies in oral and literate culture |
| dedup_id_str | MPIPL_cat.PL0053088 |
| dewey-hierarchy | 0/[Unassigned]/ |
| dewey-hierarchy_str | 0/[Unassigned]/ |
| first_indexed | 2026-03-14T00:40:06Z |
| format | 0/Buch/ |
| format_str | 0/Buch/ |
| fullrecord | <?xml version="1.0" encoding="UTF-8"?>
<collection xmlns:xsi="http://www.w3.org/2001/XMLSchema-instance" xsi:schemaLocation="http://www.loc.gov/MARC21/slim http://www.loc.gov/standards/marcxml/schema/MARC21slim.xsd" xmlns="http://www.loc.gov/MARC21/slim">
<record>
<leader>00000nam a2200000 ub4500</leader>
<controlfield tag="001">PL0053088</controlfield>
<controlfield tag="003">PLI01000000000000000052812</controlfield>
<controlfield tag="005">00000000000000.0</controlfield>
<controlfield tag="008"> ||| u </controlfield>
<datafield tag="020" ind1=" " ind2=" ">
<subfield code="a">0-521-32846-2</subfield>
</datafield>
<datafield tag="020" ind1=" " ind2=" ">
<subfield code="a">9780521328463</subfield>
</datafield>
<datafield tag="090" ind1=" " ind2=" ">
<subfield code="a">213-Shu/1</subfield>
</datafield>
<datafield tag="100" ind1="1" ind2=" ">
<subfield code="a">Shuman, Amy</subfield>
</datafield>
<datafield tag="245" ind1="0" ind2="0">
<subfield code="a">Storytelling rights</subfield>
<subfield code="b">the uses of oral and written texts by urban adolescents</subfield>
<subfield code="c">Amy Shuman</subfield>
</datafield>
<datafield tag="260" ind1=" " ind2=" ">
<subfield code="a">Cambridge</subfield>
<subfield code="b">Univ. Pr.</subfield>
<subfield code="c">1986</subfield>
</datafield>
<datafield tag="300" ind1=" " ind2=" ">
<subfield code="a">VIII, 227 S.</subfield>
</datafield>
<datafield tag="490" ind1="0" ind2=" ">
<subfield code="a">Cambridge studies in oral and literate culture</subfield>
<subfield code="v">11</subfield>
</datafield>
<datafield tag="830" ind1=" " ind2="0">
<subfield code="w">PL0000945</subfield>
</datafield>
<datafield tag="852" ind1=" " ind2=" ">
<subfield code="c">213-Shu/1</subfield>
<subfield code="m">BOOK</subfield>
</datafield>
</record>
</collection>
|
| hierarchy_parent_id | MPIPL_cat.PL0000945 |
| hierarchy_parent_title | Cambridge studies in oral and literate culture |
| id | MPIPL_cat.PL0053088 |
| illustrated | Not Illustrated |
| institution | MPIPL_cat |
| institution_str | MPIPL_cat |
| isbn | 9780521328463 0-521-32846-2 |
| language | und |
| language_str | und |
| last_indexed | 2026-04-27T23:41:37Z |
| online | false |
| online_MPIPL_cat | false |
| online_str | false |
| physical | VIII, 227 S. |
| publishDate | 1986 |
| publishDate_str | 1986 |
| publisher | Univ. Pr |
| record_format | marc |
| series | Cambridge studies in oral and literate culture |
| signature_search | 213-Shu/1 |
| spelling | Shuman, Amy Storytelling rights the uses of oral and written texts by urban adolescents Amy Shuman Cambridge Univ. Pr 1986 VIII, 227 S. Cambridge studies in oral and literate culture 11 PL0000945 |
| spellingShingle | Shuman, Amy Storytelling rights : the uses of oral and written texts by urban adolescents Cambridge studies in oral and literate culture |
| title | Storytelling rights : the uses of oral and written texts by urban adolescents |
| title_full | Storytelling rights the uses of oral and written texts by urban adolescents Amy Shuman |
| title_fullStr | Storytelling rights the uses of oral and written texts by urban adolescents Amy Shuman |
| title_full_unstemmed | Storytelling rights the uses of oral and written texts by urban adolescents Amy Shuman |
| title_search | Storytelling rights the uses of oral and written texts by urban adolescents Cambridge studies in oral and literate culture |
| title_short | Storytelling rights |
| title_sort | storytelling rights the uses of oral and written texts by urban adolescents amy shuman |
| title_sub | the uses of oral and written texts by urban adolescents |